| Tag |
First Indicator |
Second Indicator |
Subfields |
| LEADER |
00000cam a2200000 a 4500 |
| 001 |
in00001222721 |
| 005 |
20151003052936.0 |
| 008 |
940519s1994 enk b 001 0 eng |
| 010 |
|
|
|a 94021464
|
| 015 |
|
|
|a GB95-6428
|
| 020 |
|
|
|a 0198534779 :
|c $75.00
|
| 035 |
|
|
|a (OCoLC)30593905
|
| 035 |
|
|
|9 AGR7644AM
|
| 040 |
|
|
|a DLC
|c DLC
|d UKM
|d TXA
|d UtOrBLW
|
| 049 |
|
|
|a TXAM
|
| 050 |
0 |
0 |
|a QA329
|b .F37 1994
|
| 082 |
0 |
0 |
|a 516/.7246
|2 20
|
| 100 |
1 |
|
|a Faraut, Jacques,
|d 1940-
|
| 245 |
1 |
0 |
|a Analysis on symmetric cones /
|c Jacques Faraut and Adam Korányi.
|
| 264 |
|
1 |
|a Oxford :
|b Clarendon Press ;
|a New York :
|b Oxford University Press,
|c 1994.
|
| 300 |
|
|
|a xii, 382 pages ;
|c 25 cm.
|
| 336 |
|
|
|a text
|b txt
|2 rdacontent
|
| 337 |
|
|
|a unmediated
|b n
|2 rdamedia
|
| 338 |
|
|
|a volume
|b nc
|2 rdacarrier
|
| 490 |
1 |
|
|a Oxford mathematical monographs
|
| 504 |
|
|
|a Includes bibliographical references and index.
|
| 650 |
|
0 |
|a Cones (Operator theory)
|
| 650 |
|
0 |
|a Harmonic analysis.
|
| 650 |
|
0 |
|a Jordan algebras.
|
| 700 |
1 |
|
|a Korányi, Adam.
|
| 830 |
|
0 |
|a Oxford mathematical monographs.
|
| 999 |
|
|
|a MARS
|
| 999 |
f |
f |
|s ad485446-6b2a-3ed2-9ae3-ef9baa4ed3b7
|i a943db01-ab52-31e0-bedd-1681d081bfff
|t 0
|
| 952 |
f |
f |
|p normal
|a Texas A&M University
|b College Station
|c Sterling C. Evans Library
|d Evans: Library Stacks
|t 0
|e QA329 .F37 1994
|h Library of Congress classification
|i unmediated -- volume
|m A14819281424
|
| 998 |
f |
f |
|a QA329 .F37 1994
|t 0
|l Evans: Library Stacks
|